[Event "New York op"]
[Site "New York"]
[Date "1987.??.??"]
[Round "?"]
[White "Adorjan, Andras"]
[Black "Kudrin, Sergey"]
[Result "1-0"]
[WhiteElo "2560"]
[BlackElo "2505"]
[Annotator "ChessBase"]
[PlyCount "45"]
[EventDate "1987.??.??"]
[EventType "swiss"]
[EventRounds "11"]
[EventCountry "USA"]
[SourceTitle "CBM 002"]
[Source "ChessBase"]
[SourceDate "1988.02.01"]
[SourceVersion "1"]
[SourceVersionDate "1988.02.01"]
[SourceQuality "1"]

1. d4 Nf6 2. Nf3 e6 3. c4 b6 4. g3 Ba6 5. Nbd2 Bb7 6. Bg2 c5 7. e4 cxd4 (7...
Nxe4 $2 8. Ne5 d5 (8... Nd6 9. Bxb7 Nxb7 10. Qf3 $18) (8... Nc3 9. Qh5 g6 10.
Qh3 $18) (8... f5 9. Nxe4 {/\ Qh5+-}) 9. cxd5 exd5 (9... Nxd2 10. Nxf7 $18) 10.
Qa4+ Nd7 11. Nxe4 dxe4 12. Bh3 Bc8 13. Qc6 Rb8 14. Nxf7 $18) 8. e5 Ng4 9. O-O
Qc7 10. Re1 Bc5 $2 11. Ne4 $1 (11. h3 $2 Ne3 $17) 11... d3 (11... Nc6 12. Bf4
O-O 13. a3 $1 a5 14. Qd2 f6 15. exf6 e5 16. fxg7 Kxg7 17. Nxc5 bxc5 18. Nxe5
$18) (11... Bxe4 12. Rxe4 f5 13. exf6 Nxf6 14. Bf4 Qc8 15. Nxd4 Nxe4 16. Bxe4
Nc6 17. Nxc6 dxc6 18. Qh5+ Kf8 19. Qf3 $18) 12. Nfg5 $1 Nxe5 13. Bf4 d6 (13...
f6 14. Qh5+ Ke7 15. Nxf6 $1 gxf6 16. Rxe5 $1 fxe5 17. Qf7+ Kd6 18. Bxe5+ $18)
14. Qh5 Kf8 (14... d2 15. Nxe6 $1 dxe1=Q+ 16. Rxe1 $18) (14... g6 15. Nf6+ $1
Ke7 (15... Kd8 16. Qh6 Bxg2 17. Kxg2 Qe7 18. Bxe5 dxe5 19. Qg7 $18) 16. Qh6 $18
) 15. Nxc5 bxc5 16. Rxe5 $1 dxe5 (16... Bxg2 17. Rxc5 $1 $18 {Vegh,E}) 17. Bxe5
Qd7 18. Bxb7 Qxb7 19. Nxe6+ $1 Kg8 20. Nxg7 Nc6 21. Nf5 $1 Nxe5 22. Qg5+ Ng6
23. Qf6 1-0

[Event "URS-ch51 Final"]
[Site "Lvov"]
[Date "1984.04.24"]
[Round "15"]
[White "Chernin, Alexander"]
[Black "Sokolov, Andrei"]
[Result "0-1"]
[WhiteElo "2475"]
[BlackElo "2495"]
[Annotator "ChessBase"]
[PlyCount "82"]
[EventDate "1984.04.03"]
[EventType "tourn"]
[EventRounds "17"]
[EventCountry "URS"]
[EventCategory "10"]
[SourceTitle "URS-ch"]
[Source "ChessBase"]
[SourceDate "1999.07.01"]
[SourceVersion "1"]
[SourceVersionDate "1999.07.01"]
[SourceQuality "1"]

1. d4 Nf6 2. c4 e6 3. Nf3 b6 4. g3 Ba6 5. b3 Bb4+ 6. Bd2 Be7 7. Bg2 c6 8. Bc3
d5 9. Nbd2 O-O 10. O-O Bb7 11. Ne5 Na6 12. Nd3 c5 13. dxc5 Nxc5 14. Nxc5 Bxc5
15. b4 Be7 16. a3 Rc8 17. Bb2 Qd7 18. cxd5 Nxd5 19. Nf3 Rfd8 20. Qb3 Ba6 21.
Ne5 Qe8 22. Rfe1 Bf6 23. e4 Ne7 24. Rac1 Bb5 25. Nf3 Rd3 26. Qa2 Rxc1 27. Rxc1
Qd7 28. h4 Rd1+ 29. Kh2 Rxc1 30. Bxc1 Qd1 31. Bf4 Ng6 32. Bc7 Bc3 33. Ng5 {[#]}
h6 $1 $19 34. Nxe6 (34. Nf3 Bd3 35. Ng1 b5 $19) 34... Qd3 $1 $19 (34... fxe6
35. Qxe6+ Kh7 36. Bh3 Qf3 $17) 35. Qd5 Qxd5 36. exd5 fxe6 37. dxe6 Be5 38. Bd8
Kf8 39. f4 Bb2 40. f5 Ne7 41. g4 Bxa3 0-1

[Event "Costa del Sol-20"]
[Site "Torremolinos"]
[Date "1980.04.??"]
[Round "?"]
[White "Tatai, Stefano"]
[Black "Seirawan, Yasser"]
[Result "0-1"]
[WhiteElo "2480"]
[BlackElo "2510"]
[Annotator "ChessBase"]
[PlyCount "120"]
[EventDate "1980.04.07"]
[EventType "tourn"]
[EventRounds "11"]
[EventCountry "ESP"]
[SourceTitle "EXT 2010"]
[Source "ChessBase"]
[SourceDate "2010.11.25"]
[SourceVersion "1"]
[SourceVersionDate "2010.11.25"]
[SourceQuality "1"]

1. d4 Nf6 2. c4 e6 3. Nf3 b6 4. g3 Ba6 5. b3 Bb4+ 6. Bd2 Be7 7. Bg2 c6 8. O-O
d5 9. Qc2 Nbd7 10. Rc1 O-O 11. a4 Rc8 12. Na3 Ne4 13. Be1 f5 14. b4 Bb7 15. Qb2
a6 16. c5 b5 17. Ne5 Bf6 18. f3 Ng5 19. Bd2 Nf7 20. Bf4 Nfxe5 {[#]} 21. dxe5 (
21. Bxe5 Bxe5 22. dxe5 f4 23. Bh3 Re8 $11) 21... g5 22. exf6 gxf4 23. gxf4 $11
Rxf6 24. axb5 axb5 25. Kh1 Rg6 (25... Rh6) 26. Rg1 Rc7 (26... Qh4) 27. e3 $14 (
27. Nc2 $14) 27... Nf8 28. Bh3 (28. Nc2 $14) 28... Qh4 $11 29. Rxg6+ Nxg6 30.
Qg2 (30. Bg2) 30... Rg7 $15 (30... d4 $15) 31. Rg1 d4 32. exd4 Qxf4 33. Nc2 Bc8
34. Qg5 (34. Qe2) 34... Qxg5 $17 35. Rxg5 Ra7 {[#]} 36. Rg1 $19 (36. d5 $17
cxd5 37. Bf1 Kf7 38. Rg1 Kf6 39. c6 Ra2 40. Nd4 Ne7 41. Bxb5 Rb2 $19) 36... Ra2
37. Ne1 Rd2 38. Bf1 Rxd4 39. Nd3 Kf7 40. Be2 e5 41. Rxg6 hxg6 42. Nxe5+ Kf6 43.
Nxc6 Rd2 44. Bxb5 f4 45. Bf1 Bb7 46. Bb5 g5 47. Kg1 Rb2 48. Ba4 Ba6 49. Nb8
Rxb4 50. Nxa6 Rxa4 51. Nb8 Ra8 52. Nd7+ Ke6 53. c6 Rc8 54. Nc5+ Kf5 55. Nb3 Ke5
56. Na5 Ra8 57. Nc4+ Kd4 58. Nd6 Ke3 59. c7 Kxf3 60. h3 Ke2 0-1

[Event "URS-ch58"]
[Site "Moscow"]
[Date "1991.??.??"]
[Round "6"]
[White "Magerramov, Elmar S"]
[Black "Makarichev, Sergey"]
[Result "1-0"]
[WhiteElo "2560"]
[BlackElo "2535"]
[Annotator "ChessBase"]
[PlyCount "71"]
[EventDate "1991.11.??"]
[EventType "swiss"]
[EventRounds "11"]
[EventCountry "URS"]
[SourceTitle "URS-ch"]
[Source "ChessBase"]
[SourceDate "1999.07.01"]
[SourceVersion "1"]
[SourceVersionDate "1999.07.01"]
[SourceQuality "1"]

1. d4 Nf6 2. c4 e6 3. Nf3 b6 4. g3 Bb4+ 5. Bd2 a5 6. Bg2 O-O 7. O-O Ba6 8. b3
$5 d5 9. cxd5 Nxd5 (9... exd5 10. Ne5 $14) 10. Re1 c5 11. e4 Nf6 12. a3 $1 Bxd2
13. Nbxd2 Nbd7 14. e5 Nd5 15. Ne4 $14 {(), ><d6} Qb8 $6 (15... Qe7 $1 {>=} 16.
Nd6 Rad8 $1 $8 17. Rc1 cxd4 18. Nxd4 Nxe5 19. Nc4 $5 Nxc4 20. bxc4 Nf6 21. Nc6
Qc7 22. Nxd8 Rxd8 23. Qa4 Rc8 $44 {<=>}) 16. Nd6 cxd4 $6 (16... h6 $14 {>=})
17. Qxd4 $16 Nc5 (17... Rd8 $2 18. Nxf7 $1 Kxf7 19. Ng5+ Ke7 20. Nxe6 $1 $18)
18. Ng5 $1 Qd8 $8 (18... h6 $2 19. Ngxf7 $1 Rxf7 (19... Nxb3 20. Qg4 $18) 20.
Bxd5 exd5 21. Nxf7 Kxf7 22. e6+ $1 Nxe6 23. Qxd5 Bc8 24. Rac1 $18 {->}) 19. Qg4
Ra7 $1 $8 (19... h6 $2 20. Ngxf7 Rxf7 21. b4 $1 $18) 20. b4 Nd3 21. Be4 $1 g6
$8 (21... Nxe1 22. Bxh7+ Kh8 23. Be4 $1 $18) (21... h6 22. Nxe6 fxe6 23. Bxd3
$18) 22. Nxe6 Nxe5 $8 (22... fxe6 $2 23. Bxd3 $18) (22... Qd7 $2 23. Bxd5 Nxe1
24. Rxe1 Bc8 25. h3 $1 fxe6 26. Nxc8 $18) 23. Nxd8 Nxg4 24. N8xf7 $1 $16 {
Magerramov,E} Ndf6 25. Bc2 Raxf7 26. Bb3 $1 Nh6 27. Nxf7 Nxf7 28. Re6 Kg7 29.
Rxb6 Bc8 30. bxa5 $18 Ng5 31. f4 Nh3+ 32. Kg2 Re8 33. Rc1 Re2+ 34. Kf1 Rf2+ $6
35. Ke1 Ne4 36. Rc2 1-0

[Event "Haninge"]
[Site "Haninge"]
[Date "1989.??.??"]
[Round "?"]
[White "Wilder, Michael"]
[Black "Polugaevsky, Lev"]
[Result "1-0"]
[WhiteElo "2540"]
[BlackElo "2575"]
[Annotator "ChessBase"]
[PlyCount "71"]
[EventDate "1989.??.??"]
[EventType "tourn"]
[EventRounds "11"]
[EventCountry "SWE"]
[EventCategory "13"]
[SourceTitle "CBM 013"]
[Source "ChessBase"]
[SourceDate "1989.12.01"]
[SourceVersion "1"]
[SourceVersionDate "1989.12.01"]
[SourceQuality "1"]

1. d4 Nf6 2. Nf3 e6 3. c4 b6 4. g3 Ba6 5. b3 Bb7 6. Bg2 Bb4+ 7. Bd2 a5 8. O-O
O-O 9. Qc2 Qe7 10. Bg5 h6 (10... a4 $5 11. bxa4 h6) 11. Bxf6 Qxf6 12. a3 (12.
Rd1 a4 13. bxa4 c5 $36) 12... Bc5 $6 {Polugaevsky starts complicating, but
there is something wrong in his cal- culations.} (12... Be7 13. e4 $14) 13.
dxc5 $1 (13. Rd1 Bxf3 14. Bxf3 Bxd4 $17) 13... Qxa1 14. Ng5 $1 (14. cxb6 Nc6 (
14... cxb6 15. Ng5 hxg5 16. Bxb7 Ra7 17. Nc3 Qxa3 18. Nb5 Qc5 19. Nxa7 Qc7 20.
Qe4 d5 $1) 15. Nc3 Qxa3 16. Nb5 $13) 14... hxg5 15. Bxb7 Ra7 (15... Nc6 16.
Bxa8 Rxa8 17. cxb6 cxb6 18. Qd2 $14 (18. Qd2 Qd4 19. Qxg5 (19. Rd1 Qxd2 20.
Rxd2 Rd8 $10) 19... a4 $1 $132)) 16. Nc3 Qxf1+ (16... Qxa3 17. Nb5 Qxc5 (17...
Qb4 18. Nxa7 bxc5 (18... c6 19. Nc8 $18) 19. Nb5 $1 c6 20. Nd6 $18) 18. Nxa7 c6
(18... b5 19. Nxb5 c6 20. Nc3 Qb6 (20... Qb4 $1 21. Ne4 f6 22. Ba8 Qb6 (22...
Na6 23. Rd1 Rxa8 24. Nxf6+ $1 gxf6 25. Qg6+ $18) (22... d5 23. Nd2 (23. cxd5
cxd5 24. Nd2 Na6 (24... Nd7 25. Qc6 Qxd2 26. Qxe6+ Kh7 27. Qf5+ Kh6 28. Bxd5
Ne5 $16) 25. Bc6 (25. Qc6 Nc5 26. Rc1 $18) 25... Rc8 26. Qg6 $1 Nc5 27. Be8
Qxd2 28. Qf7+ Kh7 29. Qh5+ Kg8 30. Bf7+ Kf8 31. Qh8+) 23... Qb6 24. cxd5 exd5 (
24... cxd5 25. e4 Qa7 26. Bc6 $18) 25. Rc1 Rc8 26. Qf5 $18) 23. Nd6 Na6 24. Qg6
Rxa8 25. Ne8 $18) 21. Ne4 Qxb7 (21... f6 22. Nd6 $18) 22. Nxg5 f5 23. Ra1 $16)
19. Nc8 Rd8 (19... d5 20. Qd2 $18) 20. Qd2 $1 $16 d5 21. Qxg5) 17. Kxf1 Rxb7
18. Ne4 g4 (18... bxc5 19. Nxg5 f5 20. Qd3 $18) (18... Na6 19. c6 $1 dxc6 20.
Nxg5 g6 21. Qe4 $18) 19. cxb6 cxb6 {Blacks position is difficult, and with no
time left on the clock it is impossible.} (19... Rxb6 $5 20. Nc5 (20. Nc3 Nc6
21. Nb5 $16) 20... d6 21. Na4 Rb7 22. c5 d5 23. c6 Ra7 24. Nc5 Rd8 $13) 20. Nd6
Rc7 21. Qe4 Rc6 (21... f5 22. Qd4 (22. Qf4 $5 Nc6 23. e4 $16) 22... Rc6 23. e4
g6 24. e5) 22. Qd4 Na6 23. e4 f6 (23... Nc5 24. b4 (24. e5 Nxb3 (24... f6 $5
25. exf6 Rxf6 26. b4 (26. Ne8 Rf7 27. b4 Nb3 28. Qe3 a4) 26... Nb3 (26... e5
27. Qd5+ Ne6 28. Qxe5) 27. Qd1 $16) 25. Qxg4 f6 (25... Rc5 26. Ne4 $1 $18) (
25... f5 26. Qg6 {/\ Ne8 +- ->}) 26. Ne8 $1 Rxe8 27. exf6 $18) 24... axb4 25.
axb4 Nb3 26. Qd1 Ra8 $1) 24. Nb5 Nb8 (24... Nc5 25. b4 Nb3 26. Qxd7 Rfc8 27.
Na7 $18) (24... Rf7 25. Na7 Rc5 26. Qd6 $18) 25. Nc3 d6 (25... Rf7 26. Na4 $18)
26. Qd1 f5 27. Nb5 a4 $2 (27... fxe4 28. Qxg4 d5 29. Nd4 Rd6 30. Nxe6 $18) (
27... Kf7 28. exf5 exf5 29. Qd5+ Ke7 30. Nd4 $18) 28. Nd4 $1 Rcc8 29. Nxe6 Rf7
(29... Rf6 30. exf5 axb3 31. Qxb3 $18) 30. Ng5 Rf6 31. b4 Nd7 32. Qd5+ Kh8 33.
Nf7+ Kh7 34. Nxd6 Rcf8 35. e5 Rh6 36. e6 1-0

[Event "URS-ch55"]
[Site "Moscow"]
[Date "1988.07.??"]
[Round "16"]
[White "Jussupow, Artur"]
[Black "Salov, Valery"]
[Result "1-0"]
[WhiteElo "2620"]
[BlackElo "2625"]
[Annotator "ChessBase"]
[PlyCount "83"]
[EventDate "1988.07.??"]
[EventType "tourn"]
[EventRounds "17"]
[EventCountry "URS"]
[EventCategory "14"]
[SourceTitle "URS-ch"]
[Source "ChessBase"]
[SourceDate "1999.07.01"]
[SourceVersion "1"]
[SourceVersionDate "1999.07.01"]
[SourceQuality "1"]

1. Nf3 Nf6 2. c4 e6 3. g3 d5 4. d4 Bb4+ 5. Bd2 a5 6. Bg2 c6 (6... O-O) (6...
Nc6) 7. O-O O-O (7... dxc4 8. Bxb4 axb4 9. Ne5 $14) 8. Bg5 (8. Qc2 $5) 8... Be7
9. Nc3 b6 10. Ne5 (10. Bxf6 Bxf6 11. e4 Ba6 $15) 10... Ba6 11. cxd5 (11. Qc2
Nfd7 $10) (11. Rc1 $5 Bxc4 $5 $13 (11... Nfd7 12. Bxe7 Qxe7 13. Nxc6 $5 Nxc6
14. cxd5 $44)) 11... cxd5 12. Re1 Ra7 13. Rc1 b5 14. e3 Qb6 15. Qb3 Rb7 16. Bf1
a4 17. Qd1 a3 18. bxa3 (18. b3 $15) 18... Bxa3 19. Rb1 (19. Bxf6 $1 gxf6 20.
Qg4+ Kh8 21. Qh4 $10) 19... Qa5 (19... Ne4 $2 20. Nxe4 dxe4 21. Nc4) 20. Rb3 (
20. Bxf6 gxf6 (20... Qxc3 21. Qg4) 21. Qg4+ Kh8 22. Qh4 Be7 23. Ng4 Qxc3 $10 (
23... Qd8 $13) (23... Rg8 $13)) 20... Ne4 21. Nxe4 dxe4 22. Bg2 f6 23. Bxe4
fxe5 24. Rf1 (24. Qb1 $1 $132) 24... b4 (24... exd4 { b4-+}) 25. d5 Qb5 26.
Re1 Rd7 27. Qb1 (27. Qh5 g6 28. Bxg6 exd5 $19) 27... exd5 (27... g6 28. dxe6) (
27... Rxd5 $2 28. Be7 $1 Rc8 29. Bxb4 Bxb4 30. Rxb4 Qe8 31. Bxd5 exd5 32. Rh4
$1 $40) 28. Bxh7+ Kh8 29. Qg6 Qc6 30. Qh5 g6 31. Bxg6+ Kg8 32. e4 Bc4 33. exd5
(33. Rbe3 d4) 33... Bxd5 34. Rbe3 Bb2 35. Bh6 (35. g4 $2 Bh1 $1) 35... Rf6 (
35... Bh1 $2 36. Be4 $1 Bxe4 37. Rxe4) 36. Rxe5 Bxe5 37. Rxe5 Rxg6 (37... Re6
$2 38. Bf7+ Rxf7 39. Rg5+) 38. Re8+ Kf7 (38... Kh7 $1 39. Bg7+ (39. Bc1+ Rh6
40. Qf5+ Qg6 41. Qf8 Qf6 $19) 39... Rh6 40. Bxh6 (40. Qf5+ Kxg7 $19) 40... Bf3
$1 (40... Bf7 $4 41. Rh8+) 41. Qf5+ Qg6 42. Qxf3 Qxe8 43. Bf4 Nc6 $19) 39. Qf5+
Rf6 40. Qh5+ Rg6 41. Qf5+ Rf6 42. Rf8+ (42. Rf8+ Ke7 43. Rxf6 Qxf6 44. Bg5 Qxg5
45. Qxg5+ Kf7 46. Qf4+ Kg7 47. Qxb8 Bf3 48. Qe5+ $18) 1-0

[Event "Leningrad"]
[Site "Leningrad"]
[Date "1989.??.??"]
[Round "?"]
[White "Grivas, Efstratios"]
[Black "Aseev, Konstantin N"]
[Result "1/2-1/2"]
[WhiteElo "2440"]
[BlackElo "2485"]
[Annotator "ChessBase"]
[PlyCount "52"]
[EventDate "1989.06.??"]
[EventType "tourn"]
[EventRounds "13"]
[EventCountry "URS"]
[EventCategory "9"]
[SourceTitle "CBM 014"]
[Source "ChessBase"]
[SourceDate "1990.02.01"]
[SourceVersion "1"]
[SourceVersionDate "1990.02.01"]
[SourceQuality "1"]

1. d4 Nf6 2. c4 e6 3. Nf3 b6 4. g3 Ba6 5. Nbd2 c5 6. e4 cxd4 7. e5 Ng4 8. h3
Nh6 9. Bg2 Nc6 10. O-O Nf5 11. a3 Be7 12. b4 Bb7 13. g4 $1 Nh4 14. Nxh4 Bxh4
15. Ne4 Be7 16. Bg5 O-O (16... Bxg5 17. Nd6+ Kf8 18. Nxb7 Qc7 19. f4 Be7 20.
Nd6 $40) 17. Bxe7 Nxe7 (17... Qxe7 18. f4 $1 (18. Nd6 $6 Nxe5 $1 19. Nxb7 Nxc4
20. Na5 bxa5 21. Bxa8 Rxa8 22. Qxd4 d5 $44)) 18. Qxd4 Ng6 19. f4 Qc7 {/\ ...f6}
20. Rad1 Bxe4 21. Bxe4 Rac8 22. Rc1 f6 $1 23. Qd6 $1 fxe5 24. Qxc7 Rxc7 25.
Bxg6 hxg6 26. fxe5 Rfc8 1/2-1/2

[Event "FIDE-Wch k.o."]
[Site "Groningen"]
[Date "1997.12.20"]
[Round "5.2"]
[White "Van Wely, Loek"]
[Black "Adams, Michael"]
[Result "1/2-1/2"]
[WhiteElo "2655"]
[BlackElo "2680"]
[Annotator "ChessBase"]
[PlyCount "183"]
[EventDate "1997.12.09"]
[EventType "k.o."]
[EventRounds "7"]
[EventCountry "NED"]
[SourceTitle "CBM 063"]
[Source "ChessBase"]
[SourceDate "1998.03.26"]
[SourceVersion "1"]
[SourceVersionDate "1998.03.26"]
[SourceQuality "1"]

1. d4 Nf6 2. c4 e6 3. Nf3 b6 4. g3 Ba6 5. Nbd2 Bb4 6. Qc2 Bb7 7. Bg2 Be4 8. Qb3
Bxd2+ 9. Bxd2 O-O (9... d6 10. O-O Nbd7 11. Nh4 Bxg2 12. Nxg2 c5 13. d5 e5 14.
Rae1 Ne4 15. Bc1 f5 16. f3 Nef6 17. Qc2 g6 18. Bh6 $16 {Tuominen,R-Veingold,A/
Turku 1996/1-0 (64)}) 10. O-O d6 {Black has an elastic pawnstructure, all his
pieces are well-placed ; on the other hand white's two bishops are not so
impotant . White's plans are not so clear in this position. All these factors
make this line quite safe for black.} (10... Nc6 $5 11. Rfd1 h6 (11... Bxf3 $2
12. Qxf3 Nxd4 13. Qxa8 Qxa8 14. Bxa8 Rxa8 15. Bg5 $16) 12. Qe3 Re8 13. Ne5 (13.
Bc3 d5 14. b3 Ne7 $132) (13. b4 $5 {/\} d5 14. Ne5 Ne7 15. f3 Bh7 16. Rac1 $14)
13... Bxg2 (13... Nxe5 14. dxe5 Bxg2 15. exf6 Bc6 16. fxg7 $16) 14. Kxg2 Ne7
15. Qf3 d6 16. Ng4 $6 (16. Nc6 Nxc6 17. Qxc6 Qd7 $10) (16. Nd3 d5 17. cxd5 exd5
$10) 16... Nh7 $1 (16... Nf5 17. Nxf6+ Qxf6 18. Bc3 $36) 17. Qd3 (17. e4 f5 18.
exf5 exf5 19. Ne3 Ng5 20. Qh5 Rf8 $40) 17... f5 18. Ne3 Qd7 19. f3 (19. f4 $6
Nf6 {><e4}) 19... Rf8 20. Nc2 Nf6 $11 {Ftacnik,L-Kortchnoi,V/Brno 1992/1/2-1/2
(67)}) 11. Rfe1 (11. Rfd1 Nbd7 (11... Qe7 {N} 12. Qe3 $1 $14 Nbd7 13. Bc3 Rfe8
14. Rac1 h6 15. b3 Rac8 $2 16. Bh3 $1 c6 (16... Bb7 17. d5 e5 18. Nh4 $16) 17.
Bb2 Rc7 18. Nd2 Bg6 19. Nb1 $1 {/\ Nc3, d5} a6 20. Bg2 Rec8 21. Ba3 $1 $16 {
1-0 Karpov,A-Andersson,U/Reggio Emilia 1991 (35)}) 12. Bg5 (12. Rac1 h6 13. Qa3
a5 14. b3 Qe7 15. Ne5 Bxg2 16. Kxg2 Nc5 17. Nf3 Nce4 18. Be1 Nh7 19. Qa4 f5 20.
Qc6 Nhf6 21. Nd2 Qf7 22. f3 Nxd2 23. Bxd2 Qd7 24. Qxd7 Nxd7 $11 {De Boer,G-Van
der Wiel,J/NLD-ch Hilversum 1988/0-1 (61)}) 12... Qc8 13. Bxf6 Nxf6 14. Nd2
Bxg2 15. Kxg2 c5 16. Qd3 cxd4 17. Qxd4 Rd8 18. e4 Qc6 19. Re1 b5 20. Rac1 bxc4
21. Rxc4 Qa6 22. Ra4 Qb7 23. Rc1 e5 24. Rb4 Qe7 25. Qc3 d5 26. Rb5 dxe4 27.
Rxe5 Qb7 28. Qb3 Qd7 29. Nxe4 Rab8 30. Qf3 Nd5 31. Re1 f6 32. Rxd5 Qxd5 33.
Nxf6+ gxf6 34. Re8+ Rxe8 35. Qxd5+ Kg7 {Gunawan,R-Timman,J/Indonesia 1983/
MCD-r8/1/2-1/2 (46)}) (11. Qa3 Nbd7 12. Rac1 Qe7 13. Rfd1 Rfe8 (13... a5 14. h3
Rfe8 15. Be3 e5 16. Qc3 exd4 17. Bxd4 c5 18. Bxf6 Nxf6 19. Qb3 Qc7 $11 {
Van Wely,L-Balashov,Y/BL2-W 1993/1-0 (55)}) 14. b4 e5 15. c5 dxc5 16. dxc5 bxc5
17. bxc5 h6 18. Ba5 Nb8 19. Bc3 Nc6 20. Qa4 Qe6 21. h3 Rad8 22. Ba1 Bd5 23. e3
Rd7 24. g4 Red8 25. Re1 Rb8 26. Bc3 Rdd8 27. Red1 Ne4 28. Be1 Ng5 29. Nxg5 hxg5
30. Rxd5 Rxd5 31. Qc4 Rbd8 32. Kf1 Qd7 33. Bxd5 Qxd5 34. Qxd5 Rxd5 35. Ke2 f6 {
Romanishin,O-Timman,J/Taxco izt 1985/IZT/0-1 (74)}) (11. Bg5 Nbd7 12. Rad1 (12.
Qe3 $146 Qe8 $11 (12... h6 $6 13. Qxe4 $1 Nxe4 14. Bxd8 Raxd8 15. Rfd1 $14) 13.
Rfc1 (13. Nh4 Bxg2 14. Nxg2 h6 15. Bxf6 Nxf6 $11) 13... Bb7 14. Bxf6 {
otherwise after the next 14...Ne4 bishop on g5 is out of play.} Nxf6 15. h3 (
15. b4 $1 Nd7 $140 16. c5 Nf6 17. a4 Nd5 18. Qd2 $36) 15... Nd7 16. Rc3 (16. b4
c5 17. a3 Qe7 $11) 16... h6 17. Ne5 {after this move , the draw result becomes
clear.} Bxg2 18. Nxd7 Qxd7 19. Kxg2 a5 20. Rd1 Rfe8 21. Rd2 Qa4 22. Qd3 e5 23.
dxe5 Rxe5 24. b3 Qb4 25. a4 Rae8 26. e3 R8e6 27. Qc2 Qc5 {1/2-1/2 Ftacnik,
L-Timman,J/EU-chTM 1997/EXP 57/[Avrukh,B]}) 12... h6 13. Bxf6 Nxf6 14. Ne1 Qe7
15. f3 Bb7 16. e4 c5 17. d5 Bc8 18. dxe6 Bxe6 19. Qd3 Rfd8 20. b3 a6 21. Rf2
Rab8 22. Nc2 b5 23. Ne3 b4 24. Rfd2 a5 25. Qc2 Ne8 26. Rd3 a4 27. Qd2 Rdc8 28.
f4 f6 29. Nf5 Bxf5 30. exf5 Kh8 31. Re1 Qd7 32. g4 Rd8 33. Rde3 d5 34. Re7 Qc8
35. Bxd5 Nc7 36. R1e4 axb3 37. axb3 Nxd5 38. cxd5 Rb7 39. Qe3 Rxe7 40. Rxe7 c4
41. bxc4 Qxc4 42. Re8+ {1/2-1/2 Torre,E-Timman,J/Brussels 1987/CBM 02}) 11...
Nbd7 12. Rad1 a5 13. Bc1 a4 14. Qc3 Qb8 15. Nd2 Bxg2 16. Kxg2 c5 17. e4 cxd4
18. Qxd4 e5 19. Qe3 Rc8 20. f3 h6 21. Qe2 Qc7 22. Nb1 Qxc4 23. Qxc4 Rxc4 24.
Rxd6 Rac8 25. Rdd1 Nf8 26. Na3 Rb4 27. Re2 Ne6 28. Be3 g5 29. g4 Rc7 30. Rd6
Ne8 31. Rd5 Nf4+ 32. Bxf4 exf4 33. Red2 Ng7 34. Nb5 Rc1 35. Rd8+ Kh7 36. Nd6
Rb1 37. b3 Ne6 38. Rd7 axb3 39. axb3 Rd4 40. Nxf7 Rxd2+ 41. Rxd2 Kg7 42. Nd6
Rxb3 43. Nf5+ Kf6 44. Rd6 Rb2+ 45. Kf1 Kf7 46. Nxh6+ Ke7 47. Nf5+ Kf7 48. e5 b5
49. Nh6+ Ke7 50. Nf5+ Kf7 51. Rd7+ Kf8 52. Rh7 Rb1+ 53. Ke2 Rc1 54. Rh8+ Kf7
55. Rh7+ Kf8 56. Rh6 Rc6 57. Rh8+ (57. Rf6+ Ke8 58. Ng7+ Ke7 59. Nxe6 Rxe6 60.
Rf5 Rg6 61. Kd3 $18) 57... Kf7 58. Rb8 Rc5 59. Rxb5 Rxb5 60. Nd6+ Ke7 61. Nxb5
Nc5 62. Nd4 $2 (62. Nc3 Ke6 63. Ne4 $1 Nxe4 64. fxe4 Kxe5 65. Kf3 Ke6 (65...
Kd4 66. h4 gxh4 67. Kxf4 h3 68. Kg3 Kxe4 69. Kxh3 $18) 66. h4 gxh4 67. Kxf4 Kf6
68. Kf3 $18) 62... Nd7 63. e6 Ne5 64. Kd2 Kd6 65. Kc3 Ke7 66. Kb4 Kd6 67. e7
Kxe7 68. Kc5 Kf6 69. Kd5 Nd3 70. Nc6 Ne1 71. Ke4 Ng2 72. Nd4 Ne3 73. Nf5 Nc4
74. Kd3 Ne5+ 75. Ke2 Ng6 76. Kf2 Ke5 77. Kg2 Kf6 78. h3 Ne5 79. Nd6 Kg6 80. Ne4
Kh6 81. Kf2 Kg6 82. Ke2 Kh6 83. Nc5 Kg6 $2 84. h4 $2 (84. Nd3 Kf6 85. h4 gxh4 (
85... Nxd3 86. hxg5+ $18) 86. Nxf4 {/\ Nh3, Ke3-e4, f4+-}) 84... gxh4 85. Ne6
h3 86. Nxf4+ Kg5 87. Nxh3+ Kh4 88. Nf2 Kg3 89. g5 Nxf3 90. g6 Nd4+ 91. Kd3 Ne6
92. Ke4 1/2-1/2

[Event "URS-ch55"]
[Site "Moscow"]
[Date "1988.07.??"]
[Round "11"]
[White "Karpov, Anatoly"]
[Black "Gurevich, Mikhail"]
[Result "1-0"]
[WhiteElo "2725"]
[BlackElo "2630"]
[Annotator "ChessBase"]
[PlyCount "119"]
[EventDate "1988.07.??"]
[EventType "tourn"]
[EventRounds "17"]
[EventCountry "URS"]
[EventCategory "14"]
[SourceTitle "URS-ch"]
[Source "ChessBase"]
[SourceDate "1999.07.01"]
[SourceVersion "1"]
[SourceVersionDate "1999.07.01"]
[SourceQuality "1"]

1. c4 Nf6 2. Nf3 e6 3. d4 b6 4. g3 Ba6 5. b3 Bb4+ 6. Bd2 Be7 7. Bg2 c6 8. Bc3
d5 9. Ne5 Nfd7 10. Nxd7 Nxd7 11. Nd2 O-O 12. O-O Rc8 13. e4 b5 $5 14. Re1 bxc4
15. bxc4 dxc4 16. Qa4 $5 Bb5 17. Qc2 Ba3 $5 18. Nb1 $5 (18. Nxc4 $5 Bxc4 19.
Qa4 c5 20. Qxa3 (20. Qxc4 Nb6 $10) 20... cxd4 21. Bxd4 $14 {Gurevich,M}) 18...
Bd6 19. a4 Ba6 20. Nd2 (20. e5 $6 Bb8 21. Nd2 c5 $1) 20... e5 $6 (20... c5 $5
21. d5 Ne5 $132) 21. Rad1 Qe7 (21... exd4 22. Bxd4 (22. Nxc4 Bxc4 23. Rxd4 Ne5
$17) 22... Bb4 23. Bxg7 $6 Kxg7 24. Qb2+ Qf6 (24... c3 25. Qxb4 cxd2 26. Rxd2 (
26. Qxd2 Ne5 $5 27. Qc3 Qf6 28. f4 {/\ e5~/=}) 26... Rc7 27. Red1 Bc8 28. Bh3
$44) 25. Qxb4 Ne5 {/\ 26...Nd3, 26...Qf2<=>}) 22. Bf1 (22. Bh3 $5 Rc7 23. Nf3
$14 {Gurevich,M}) 22... Qe6 23. dxe5 Bxe5 (23... Nxe5 24. Bxe5 Bxe5 25. Bxc4
$16) 24. f4 Bc7 25. e5 $14 (25. Nf3 $5 {/\ Nd4-f5}) 25... Nb6 $6 (25... Bb6+
26. Kh1 Nc5 27. f5 Qd5+ 28. Ne4 Nd3 29. Bg2 $14) 26. f5 $1 $16 Qh6 27. Ne4 Nd5
28. Bd2 Bb6+ 29. Kh1 (29. Kg2 $5 Be3 (29... Qh5 $2 30. Be2) 30. Bc1 {/\ Nc5}
Bxc1 31. Qxc1 Qxc1 32. Rxc1 $16) 29... Qh5 (29... Be3 $2 30. Rxe3 $1 Nxe3 31.
Qc1 Rcd8 32. Nd6 $18) 30. Be2 Qh3 31. Ng5 Qh6 32. Bxc4 {(+)} (32. Nxf7 $1 Qh3
33. Nd6 $18 (33. Qe4 c3 34. Bg4 cxd2 35. Rxd2 Qxg4 36. Nh6+ gxh6 37. Qxg4+ Kh8
$13)) 32... Bxc4 (32... Bb7 $5) 33. Qxc4 Qh5 (33... Ba5 $5 34. Nxf7 $1 Qh5 35.
g4 $1 $16 (35. Bxa5 $6 Qf3+ 36. Kg1 Rxf7 37. Rf1 Qg2+ $1 38. Kxg2 Ne3+ 39. Kg1
Nxc4 $10)) 34. Qe4 Bf2 {(+)} 35. g4 Qh4 36. Nf3 (36. Rf1 $18) 36... Qd8 37. Rf1
Bb6 38. Rde1 Re8 39. Re2 Qc7 $2 (39... Nf6 $1 $132) 40. Rc1 Qb7 41. Qc4 c5 42.
Kg2 Nb4 43. e6 $1 $16 {Karpov,An} fxe6 44. Rxe6 Kh8 45. Rce1 Qd7 46. a5 $1 $18
Bxa5 47. Qxc5 $1 Nd3 48. Qxa5 Nxe1+ 49. Rxe1 Red8 50. Kg3 $1 Qb7 51. Qa3 Rd7
52. Bf4 Qb5 53. Re5 Qc6 54. Qe3 Rb7 55. Re6 Qa4 56. Re4 Qb5 57. Be5 Qc6 58. Bd4
Qd6+ 59. Kh3 Rf8 60. Bc5 1-0